[Event "VL 2017/18"]
[Site "Mecklenburg-Vorpommern"]
[Date "2018.04.22"]
[Round "9.4"]
[White "Boecking, Uwe"]
[Black "Junggebauer, Thomas"]
[Result "0-1"]
[WhiteElo "1719"]
[BlackElo "1888"]
[PlyCount "64"]
[EventDate "2017.??.??"]
[EventType "team-tourn"]
[EventRounds "9"]
[SourceDate "2017.10.08"]
[WhiteTeam "SFO Warnemuende"]
[BlackTeam "ASV Wismar"]

1. e4 c5 2. Nf3 e6 3. d4 cxd4 4. Nxd4 Nf6 5. Bd3 Be7 6. O-O Nc6 7. Nxc6 bxc6 8.
c4 O-O 9. e5 Ne8 10. Qc2 f5 11. c5 Nc7 12. Be3 Nd5 13. Bd4 a5 14. a3 Qc7 15.
Nd2 Nf4 16. Bc4 Qa7 17. g3 Nd5 18. Bd3 Ba6 19. Bxa6 Qxa6 20. Nc4 Rfb8 21. Rac1
Qc8 22. Qe2 Qf8 23. f4 Bxc5 24. Bxc5 Qxc5+ 25. Kh1 Qb5 26. Qh5 Rf8 27. g4 Qb3
28. g5 g6 29. Qe2 Rfb8 30. h4 Qh3+ 31. Qh2 Rb3 32. Rc2 Qxf1+ 0-1

[Event "VL 2017/18"]
[Site "Mecklenburg-Vorpommern"]
[Date "2018.04.22"]
[Round "9.6"]
[White "Staben, Norbert"]
[Black "Schulz, Bernd"]
[Result "1/2-1/2"]
[WhiteElo "1706"]
[BlackElo "1851"]
[PlyCount "60"]
[EventDate "2017.??.??"]
[EventType "team-tourn"]
[EventRounds "9"]
[SourceDate "2017.10.08"]
[WhiteTeam "SFO Warnemuende"]
[BlackTeam "ASV Wismar"]

1. d4 d5 2. c4 e6 3. Nc3 Nf6 4. Nf3 Be7 5. e3 O-O 6. Bd3 b6 7. O-O Bb7 8. a3 c5
9. dxc5 dxc4 10. Bxc4 Qxd1 11. Rxd1 Bxc5 12. b4 Be7 13. Bb2 Nc6 14. Rac1 Rfd8
15. Bb3 Rxd1+ 16. Rxd1 Rd8 17. Rxd8+ Bxd8 18. Nb5 Be7 19. Nfd4 a5 20. Nxc6 Bxc6
21. Nd4 Bd7 22. b5 Ne4 23. Bc2 Nc5 24. a4 Kf8 25. Kf1 g6 26. Nf3 f6 27. Nd2 e5
28. Nc4 Bd8 29. Ba3 Ke8 30. Nd6+ Kf8 1/2-1/2

[Event "VL 2017/18"]
[Site "Mecklenburg-Vorpommern"]
[Date "2018.04.22"]
[Round "9.7"]
[White "Podolskiy, Alexander"]
[Black "Schmidt, Reinhard"]
[Result "0-1"]
[WhiteElo "1847"]
[BlackElo "1773"]
[PlyCount "56"]
[EventDate "2017.??.??"]
[EventType "team-tourn"]
[EventRounds "9"]
[SourceDate "2017.10.08"]
[WhiteTeam "ASV Wismar"]
[BlackTeam "SFO Warnemuende"]

1. e4 d5 2. exd5 Nf6 3. c4 c6 4. dxc6 Nxc6 5. Nf3 e5 6. d3 Bc5 7. Be2 Bf5 8.
O-O O-O 9. a3 a5 10. Nc3 Re8 11. Bg5 Qd7 12. Bxf6 gxf6 13. Nd5 Qd6 14. Qd2 Kg7
15. h4 Rad8 16. Rad1 Rg8 17. Kh1 Ba7 18. Ne3 Bc8 19. h5 Kh8 20. Nh4 Nd4 21. Nf3
Qe6 22. Nxd4 exd4 23. Nd5 Rxg2 24. Nf4 Qf5 25. Bf3 Rg5 26. Be4 Qg4 27. f3 Qh4+
28. Qh2 Qxh2+ 0-1

[Event "VL 2017/18"]
[Site "Mecklenburg-Vorpommern"]
[Date "2018.04.22"]
[Round "9.8"]
[White "Vladov, Mark"]
[Black "Borchert, Ulf"]
[Result "1-0"]
[WhiteElo "1615"]
[BlackElo "1833"]
[Annotator "User"]
[PlyCount "71"]
[EventDate "2017.??.??"]
[EventType "team-tourn"]
[EventRounds "9"]
[SourceDate "2017.10.08"]
[WhiteTeam "SFO Warnemuende"]
[BlackTeam "ASV Wismar"]

1. Nf3 d5 2. g3 Nf6 3. Bg2 e6 4. c4 c6 5. b3 Bd6 6. Bb2 Nbd7 7. O-O O-O 8. d3
e5 9. Nbd2 d4 10. e3 c5 11. Ng5 Rb8 12. exd4 exd4 13. Nge4 Nxe4 14. Nxe4 Nf6
15. Nxd6 Qxd6 16. h3 b6 17. Bc1 Bb7 18. Bf4 Qd7 19. Bxb8 Bxg2 20. Kxg2 Rxb8 21.
Qf3 h6 22. Rfe1 Nh7 23. Re5 Ng5 24. Qg4 Qc6+ 25. f3 Ne6 26. Rae1 Rf8 27. h4 b5
28. Qe4 Qb6 29. f4 g6 30. g4 bxc4 31. bxc4 Qb2+ 32. Re2 Qc1 (32... Qxe2+ $1 33.
Qxe2 Nxf4+) 33. Rf2 (33. Rxe6 fxe6 34. Qxg6+ Kh8 35. Qxh6+ Kg8 36. Qg6+ Kh8 37.
Re5 Qd2+ 38. Kh3 $18) 33... Rb8 34. Rxe6 Rb1 35. Re8+ Kh7 36. Kg3 1-0

[Event "VL 2017/18"]
[Site "Mecklenburg-Vorpommern"]
[Date "2018.04.22"]
[Round "9.1"]
[White "Rossmann, Andreas"]
[Black "Focke, Adrian"]
[Result "1/2-1/2"]
[WhiteElo "1942"]
[BlackElo "1900"]
[PlyCount "81"]
[EventDate "2017.??.??"]
[EventType "team-tourn"]
[EventRounds "9"]
[SourceDate "2017.10.08"]
[WhiteTeam "SG Neubrandenburg"]
[BlackTeam "SF Schwerin III"]

1. Nf3 Nf6 2. g3 d5 3. Bg2 Bf5 4. d3 Nbd7 5. c3 e5 6. Nbd2 Bd6 7. O-O O-O 8.
Nh4 Bg4 9. c4 c6 10. a3 a5 11. h3 Be6 12. b3 Qe7 13. Qc2 h6 14. e3 Nh7 15. e4
d4 16. Nf5 Bxf5 17. exf5 Nhf6 18. Re1 Qd8 19. Ne4 Nxe4 20. Bxe4 Re8 21. Bd2 Bf8
22. b4 axb4 23. axb4 Qb6 24. Ra4 Ra6 25. Rea1 Rea8 26. Rxa6 Rxa6 27. Rb1 Qa7
28. b5 Ra2 29. Rb2 Ra1+ 30. Kg2 c5 31. g4 b6 32. h4 Qa4 33. Qxa4 Rxa4 34. g5
hxg5 35. hxg5 Be7 36. Bc6 Nf8 37. Bd5 g6 38. f6 Bd6 39. Kf3 Ra3 40. Ke2 Bc7 41.
Rc2 1/2-1/2

[Event "VL 2017/18"]
[Site "Mecklenburg-Vorpommern"]
[Date "2018.04.22"]
[Round "9.2"]
[White "Schumacher, Ole"]
[Black "Hartung, Lothar"]
[Result "1-0"]
[WhiteElo "1835"]
[BlackElo "1777"]
[PlyCount "83"]
[EventDate "2017.??.??"]
[EventType "team-tourn"]
[EventRounds "9"]
[SourceDate "2017.10.08"]
[WhiteTeam "SF Schwerin III"]
[BlackTeam "SG Neubrandenburg"]

1. d4 d5 2. c4 e6 3. Nf3 Nf6 4. g3 c5 5. cxd5 exd5 6. Bg2 Nc6 7. O-O Be7 8. Nc3
a6 9. dxc5 Bxc5 10. Bg5 Be6 11. Bxf6 gxf6 12. Rc1 Ba7 13. e3 Qd7 14. Nd4 Nxd4
15. exd4 O-O 16. Qd2 Kg7 17. Rfd1 Rac8 18. Ne2 Bb8 19. Nf4 Bxf4 20. Qxf4 Rxc1
21. Rxc1 Rc8 22. Rxc8 Qxc8 23. Qd2 Qc6 24. h4 h6 25. Bf3 Qd6 26. Qc3 b6 27. b4
Qd7 28. Be2 Qa4 29. Qb3 Qxb3 30. axb3 b5 31. Kg2 f5 32. Kf3 f6 33. Kf4 Kg6 34.
h5+ Kg7 35. Bd3 Bf7 36. Bxf5 Bxh5 37. Bc8 Be8 38. Bb7 Bd7 39. Bxd5 Bc8 40. Ke4
Kf8 41. Bc6 Ke7 42. Kd5 1-0

[Event "VL 2017/18"]
[Site "Mecklenburg-Vorpommern"]
[Date "2018.04.22"]
[Round "9.3"]
[White "Stoevesand, Peter"]
[Black "Fischer, Torsten"]
[Result "1/2-1/2"]
[WhiteElo "1901"]
[BlackElo "1955"]
[PlyCount "77"]
[EventDate "2017.??.??"]
[EventType "team-tourn"]
[EventRounds "9"]
[SourceDate "2017.10.08"]
[WhiteTeam "SG Neubrandenburg"]
[BlackTeam "SF Schwerin III"]

1. e4 e6 2. d4 d5 3. Nc3 Bb4 4. e5 Ne7 5. a3 Bxc3+ 6. bxc3 c5 7. f4 Nbc6 8. Nf3
Bd7 9. Be3 Nf5 10. Bf2 Qa5 11. Qd2 cxd4 12. cxd4 Rc8 13. Bd3 Qxd2+ 14. Kxd2 Na5
15. Rhb1 Rc7 16. Bh4 O-O 17. g4 Nxh4 18. Nxh4 Rfc8 19. Nf3 Ba4 20. Ra2 Kf8 21.
Rb4 Bd7 22. Rab2 Ke7 23. g5 Rc3 24. Ra2 a6 25. Ng1 R3c7 26. Ne2 Rh8 27. Ra1 g6
28. Rab1 h6 29. h4 hxg5 30. hxg5 b5 31. Rg1 Rh2 32. Rbb1 Rc8 33. Rh1 Rch8 34.
Rxh2 Rxh2 35. Kc3 Nc6 36. Re1 Kd8 37. Nc1 Kc7 38. Nb3 Rh4 39. Rf1 1/2-1/2

[Event "VL 2017/18"]
[Site "Mecklenburg-Vorpommern"]
[Date "2018.04.22"]
[Round "9.4"]
[White "Kutschke, Peter"]
[Black "Baier, Karsten"]
[Result "1/2-1/2"]
[WhiteElo "1933"]
[BlackElo "1868"]
[PlyCount "26"]
[EventDate "2017.??.??"]
[EventType "team-tourn"]
[EventRounds "9"]
[SourceDate "2017.10.08"]
[WhiteTeam "SF Schwerin III"]
[BlackTeam "SG Neubrandenburg"]

1. e4 e5 2. c4 c5 3. d3 d6 4. Nc3 Nc6 5. g3 g6 6. Bg2 Bg7 7. Nge2 Nge7 8. O-O
O-O 9. h3 h6 10. Be3 Be6 11. Nd5 Qd7 12. Kh2 Bxd5 13. exd5 Nd4 1/2-1/2

[Event "VL 2017/18"]
[Site "Mecklenburg-Vorpommern"]
[Date "2018.04.22"]
[Round "9.5"]
[White "Kunow, Frank"]
[Black "Kupfernagel, Michael"]
[Result "1-0"]
[WhiteElo "1875"]
[BlackElo "1935"]
[PlyCount "59"]
[EventDate "2017.??.??"]
[EventType "team-tourn"]
[EventRounds "9"]
[SourceDate "2017.10.08"]
[WhiteTeam "SG Neubrandenburg"]
[BlackTeam "SF Schwerin III"]

1. Nf3 g6 2. g3 Bg7 3. d4 c5 4. c3 Na6 5. Bg2 Rb8 6. Bf4 d6 7. O-O Nf6 8. Qc1
Bd7 9. h3 cxd4 10. cxd4 Rc8 11. Nc3 Nd5 12. Bh6 O-O 13. Bxg7 Nxc3 14. bxc3 Kxg7
15. Qb2 Qc7 16. Rac1 b5 17. Nd2 Rb8 18. a3 Kg8 19. Ne4 Rfc8 20. f4 Qb6 21. Kh2
Nc7 22. g4 Nd5 23. Qd2 f5 24. gxf5 Bxf5 25. Qa2 e6 26. Qd2 Ne7 27. Nf6+ Kf7 28.
Nd7 Qa5 29. Nxb8 Rxb8 30. e4 1-0

[Event "VL 2017/18"]
[Site "Mecklenburg-Vorpommern"]
[Date "2018.04.22"]
[Round "9.6"]
[White "Helms, Sven"]
[Black "Witkowski, Rainer"]
[Result "1/2-1/2"]
[WhiteElo "1884"]
[BlackElo "1849"]
[PlyCount "59"]
[EventDate "2017.??.??"]
[EventType "team-tourn"]
[EventRounds "9"]
[SourceDate "2017.10.08"]
[WhiteTeam "SF Schwerin III"]
[BlackTeam "SG Neubrandenburg"]

1. e4 e6 2. d4 d5 3. Nc3 dxe4 4. Nxe4 Nd7 5. Nf3 Ngf6 6. Bd3 Be7 7. c3 c5 8.
Bg5 Nxe4 9. Bxe7 Qxe7 10. Bxe4 Nf6 11. Bc2 O-O 12. O-O Rd8 13. Qe2 b6 14. Rad1
Bb7 15. Rd2 Rac8 16. Rfd1 c4 17. Ne5 Qc7 18. Ng4 Qf4 19. Nxf6+ Qxf6 20. Qe5 Qh4
21. f3 Rd5 22. Qg3 Qxg3 23. hxg3 Ra5 24. Bb1 h5 25. Kf2 g6 26. Re1 Kg7 27. Re5
Bd5 28. Re1 Bb7 29. Re5 Bd5 30. Re1 1/2-1/2

[Event "VL 2017/18"]
[Site "Mecklenburg-Vorpommern"]
[Date "2018.04.22"]
[Round "9.7"]
[White "Winkler, Karl"]
[Black "Dittrich, Carsten"]
[Result "1/2-1/2"]
[WhiteElo "1829"]
[BlackElo "1819"]
[PlyCount "30"]
[EventDate "2017.??.??"]
[EventType "team-tourn"]
[EventRounds "9"]
[SourceDate "2017.10.08"]
[WhiteTeam "SG Neubrandenburg"]
[BlackTeam "SF Schwerin III"]

1. e4 c5 2. Nf3 Nc6 3. d4 cxd4 4. Nxd4 e5 5. Nxc6 bxc6 6. Nc3 Bc5 7. Bc4 Ne7 8.
O-O Ng6 9. Qe2 O-O 10. Be3 Bxe3 11. Qxe3 d6 12. Rfd1 Qe7 13. Rd2 Be6 14. Bb3
Rfd8 15. Rad1 Bxb3 1/2-1/2

[Event "VL 2017/18"]
[Site "Mecklenburg-Vorpommern"]
[Date "2018.04.22"]
[Round "9.8"]
[White "Voll, Andreas"]
[Black "Schulz, Daniel"]
[Result "0-1"]
[WhiteElo "1819"]
[BlackElo "1764"]
[PlyCount "50"]
[EventDate "2017.??.??"]
[EventType "team-tourn"]
[EventRounds "9"]
[SourceDate "2017.10.08"]
[WhiteTeam "SF Schwerin III"]
[BlackTeam "SG Neubrandenburg"]

1. c4 e5 2. g3 Nf6 3. Bg2 Bc5 4. d3 O-O 5. Nf3 Re8 6. O-O Nc6 7. Nc3 d6 8. Na4
Bb6 9. Nxb6 axb6 10. Bg5 h6 11. Bc1 Be6 12. a3 Qd7 13. Re1 Bh3 14. Bh1 Re7 15.
Rb1 Rf8 16. Nd2 Nh7 17. Ne4 f5 18. Nc3 f4 19. Ne4 Kh8 20. Bg2 Nd4 21. Rf1 Nxe2+
22. Qxe2 Bxg2 23. Re1 f3 24. Qc2 Qh3 25. d4 Bf1 0-1

[Event "VL 2017/18"]
[Site "Mecklenburg-Vorpommern"]
[Date "2018.04.22"]
[Round "9.1"]
[White "Mildner, Jens"]
[Black "Schmekel, Florian"]
[Result "1/2-1/2"]
[WhiteElo "2038"]
[BlackElo "2040"]
[PlyCount "194"]
[EventDate "2017.??.??"]
[EventType "team-tourn"]
[EventRounds "9"]
[SourceDate "2017.10.08"]
[WhiteTeam "Greifswalder SV II"]
[BlackTeam "SAV Torgelow"]

1. d4 Nf6 2. c4 e6 3. Nc3 Bb4 4. e3 Bxc3+ 5. bxc3 c5 6. Bd3 d6 7. Nf3 Nc6 8.
Nd2 O-O 9. O-O e5 10. d5 Ne7 11. Qc2 Ng6 12. f4 Ng4 13. Nf3 exf4 14. exf4 f5
15. h3 Nh6 16. Bd2 Bd7 17. Rae1 Qf6 18. Ng5 Rae8 19. Qb1 b6 20. g3 Nf7 21. Nf3
Nd8 22. Kg2 Ne7 23. Ng5 h6 24. Nf3 g6 25. h4 h5 26. Ng5 Nc8 27. Rf2 Nf7 28. Nf3
Rxe1 29. Qxe1 Re8 30. Re2 Rxe2+ 31. Qxe2 Qe7 32. Qd1 Qe8 33. Qb1 Kg7 34. Qb3
Nd8 35. Ng5 Nb7 36. Qb1 Na5 37. Kf2 Ne7 38. Kf3 Ng8 39. Qc2 Nh6 40. Qb1 Nf7 41.
Nh3 Bc8 42. Ng5 Nxg5+ 43. fxg5 Ba6 44. Qf1 Bxc4 45. Bf4 Bxd5+ 46. Kf2 Qe6 47.
Qd1 Nc6 48. Be2 Ne5 49. Qa4 Qe7 50. c4 Be4 51. Qd1 Kf7 52. Kg1 Qe6 53. Kf2 Ke7
54. Qa4 Qd7 55. Qd1 Bc6 56. Kg1 Qe6 57. Qb3 Nf7 58. Kf2 Qe4 59. Qa3 Qg2+ 60.
Ke1 Qg1+ 61. Kd2 Qd4+ 62. Ke1 a5 63. Qb3 b5 64. cxb5 Bd5 65. Qc2 Be4 66. Qd1
Qxd1+ 67. Bxd1 Kd7 68. Bd2 d5 69. Bxa5 d4 70. a4 c4 71. Bb6 c3 72. Bb3 d3 73.
Bd4 d2+ 74. Ke2 Nd6 75. Bxc3 f4 76. gxf4 Nf5 77. Bxd2 Nd4+ 78. Ke3 Nxb3 79.
Kxe4 Nxd2+ 80. Ke5 Nf3+ 81. Kf6 Nxh4 82. a5 Kc7 83. Kf7 Kb7 84. Kf6 Kc7 85. Kf7
Kb7 86. Kf6 Ka7 87. Kf7 Ka8 88. Kf6 Ng2 89. f5 h4 90. fxg6 Nf4 91. g7 Nh5+ 92.
Kf5 Nxg7+ 93. Kg4 Nf5 94. g6 Ne7 95. g7 Kb7 96. b6 Kc6 97. Kh3 Kb7 1/2-1/2

[Event "VL 2017/18"]
[Site "Mecklenburg-Vorpommern"]
[Date "2018.04.22"]
[Round "9.2"]
[White "Zentgraf, Robert"]
[Black "Valet, Richard"]
[Result "1-0"]
[WhiteElo "2107"]
[BlackElo "1980"]
[PlyCount "81"]
[EventDate "2017.??.??"]
[EventType "team-tourn"]
[EventRounds "9"]
[SourceDate "2017.10.08"]
[WhiteTeam "SAV Torgelow"]
[BlackTeam "Greifswalder SV II"]

1. d4 Nf6 2. Nf3 g6 3. Bf4 Bg7 4. e3 d6 5. Be2 O-O 6. O-O c5 7. c3 b6 8. h3 Bb7
9. Nbd2 Nbd7 10. Bh2 a6 11. a4 Ra7 12. Re1 Qa8 13. Bf1 Ne4 14. Ra2 Bd5 15. c4
Nxd2 16. Nxd2 Bb7 17. d5 b5 18. e4 Rb8 19. a5 Bc8 20. Qc2 bxc4 21. Bxc4 Rb4 22.
f4 Bd4+ 23. Kh1 Rab7 24. b3 Nf8 25. Qd3 Rb8 26. Nf3 Bg7 27. Rae2 Qb7 28. g4 Qc7
29. e5 Qxa5 30. f5 Qb6 31. e6 fxe6 32. fxe6 a5 33. Ng5 a4 34. Rf2 Rxb3 35. Qf1
Bf6 36. Rxf6 exf6 37. Qxf6 Ba6 38. e7 Bxc4 39. Qf7+ Kh8 40. Qxf8+ Rxf8 41.
exf8=Q# 1-0

[Event "VL 2017/18"]
[Site "Mecklenburg-Vorpommern"]
[Date "2018.04.22"]
[Round "9.3"]
[White "Schwahn, Christian"]
[Black "Ispirjan, Mikael"]
[Result "1-0"]
[WhiteElo "1950"]
[BlackElo "1993"]
[PlyCount "101"]
[EventDate "2017.??.??"]
[EventType "team-tourn"]
[EventRounds "9"]
[SourceDate "2017.10.08"]
[WhiteTeam "Greifswalder SV II"]
[BlackTeam "SAV Torgelow"]

1. d4 Nf6 2. c4 c5 3. Nf3 e6 4. Nc3 a6 5. g3 cxd4 6. Nxd4 Qc7 7. Qa4 Bc5 8. Nb3
Be7 9. Bg2 O-O 10. O-O d6 11. Be3 Nc6 12. Rac1 Qb8 13. Na5 Bd7 14. Bb6 Rc8 15.
Ne4 Nxa5 16. Qxa5 Bc6 17. Nxf6+ Bxf6 18. b4 Bxg2 19. Kxg2 Rc6 20. Be3 b6 21.
Qh5 Qc7 22. Qf3 Rb8 23. b5 Rxc4 24. bxa6 d5 25. Bf4 e5 26. Qxd5 Rc5 27. Rxc5
bxc5 28. Be3 Qb6 29. Rc1 Qxa6 30. Qxc5 h6 31. Rc2 Qb7+ 32. f3 Rd8 33. Qc4 Qb1
34. Qe4 h5 35. a4 Qd1 36. Bb6 Rb8 37. a5 g6 38. Rc6 Kg7 39. a6 h4 40. gxh4 Rh8
41. Rxf6 Kxf6 42. Bc7 Qa1 43. a7 Qb2 44. Kg3 Qa1 45. Qe3 Ke6 46. Qb6+ Kd5 47.
Qd6+ Kc4 48. Qc6+ Kb3 49. Qd5+ Kc2 50. Qd3+ Kc1 51. Bd6 1-0

[Event "VL 2017/18"]
[Site "Mecklenburg-Vorpommern"]
[Date "2018.04.22"]
[Round "9.4"]
[White "Bauer, Norbert"]
[Black "Hertel, Johannes"]
[Result "1-0"]
[WhiteElo "1979"]
[BlackElo "1895"]
[PlyCount "71"]
[EventDate "2017.??.??"]
[EventType "team-tourn"]
[EventRounds "9"]
[SourceDate "2017.10.08"]
[WhiteTeam "SAV Torgelow"]
[BlackTeam "Greifswalder SV II"]

1. d4 Nf6 2. c4 e6 3. Nf3 b6 4. a3 Bb7 5. Nc3 Be7 6. d5 O-O 7. e4 exd5 8. cxd5
Re8 9. Bd3 Na6 10. O-O c6 11. Re1 cxd5 12. e5 Ne4 13. Nxd5 Bxd5 14. Bxe4 Bxe4
15. Rxe4 Qc7 16. Rd4 Rad8 17. Bf4 Qb7 18. b4 d6 19. Rc1 dxe5 20. Bxe5 Rxd4 21.
Qxd4 Rc8 22. Rxc8+ Qxc8 23. h3 Bf8 24. Qd5 h6 25. Kh2 Be7 26. Nd4 Bf6 27. Nc6
Bxe5+ 28. Nxe5 Qc7 29. g3 Nb8 30. b5 a6 31. a4 axb5 32. axb5 Kf8 33. h4 Ke8 34.
h5 Qe7 35. Nc6 Qd7 36. Qe5+ 1-0

[Event "VL 2017/18"]
[Site "Mecklenburg-Vorpommern"]
[Date "2018.04.22"]
[Round "9.5"]
[White "Dombrowski, Frank"]
[Black "Ehlers, Michael"]
[Result "0-1"]
[WhiteElo "1956"]
[BlackElo "1858"]
[PlyCount "126"]
[EventDate "2017.??.??"]
[EventType "team-tourn"]
[EventRounds "9"]
[SourceDate "2017.10.08"]
[WhiteTeam "Greifswalder SV II"]
[BlackTeam "SAV Torgelow"]

1. c3 c5 2. d4 cxd4 3. cxd4 Nf6 4. Nf3 b6 5. Bf4 Bb7 6. Nbd2 e6 7. a3 Be7 8. e3
O-O 9. h3 d6 10. Be2 Nc6 11. O-O Qd7 12. Rc1 Rfc8 13. Bb5 a6 14. Ba4 b5 15. Bc2
Rc7 16. Ne4 Rac8 17. Nxf6+ Bxf6 18. Qd2 Ne7 19. Bb1 Ng6 20. Bg3 Bxf3 21. gxf3
Nh4 22. Bxh4 Bxh4 23. Kg2 Bf6 24. f4 Rc4 25. b3 Qc6+ 26. d5 exd5 27. bxc4 dxc4+
28. f3 Qc5 29. Qb4 Qxe3 30. Qxd6 Bh4 31. Qe5 Qxa3 32. Bxh7+ Kxh7 33. Qh5+ Kg8
34. Qxh4 b4 35. Qf2 c3 36. Ra1 Qb3 37. Rxa6 c2 38. Qd2 Qc4 39. Raa1 b3 40. Qc1
Qd4 41. Rb1 Qc3 42. Rb2 Rc6 43. Rf2 Kh7 44. Re2 Qxb2 45. Qxb2 c1=Q 46. Qxc1
Rxc1 47. Kg3 Rc2 48. Re3 b2 49. Rb3 Kg6 50. Rb6+ f6 51. Rb5 Kf7 52. Rb6 Ke7 53.
f5 Kd7 54. h4 Kc7 55. Rb3 Kc6 56. Rb8 Kd5 57. h5 Ke5 58. Rb5+ Kd4 59. Kg4 Kc3
60. h6 Rg2+ 61. Kh3 Rg5 62. hxg7 Rxg7 63. Rb7 Rg1 0-1

[Event "VL 2017/18"]
[Site "Mecklenburg-Vorpommern"]
[Date "2018.04.22"]
[Round "9.7"]
[White "Nauschuetz, Ernst"]
[Black "Troemer, Felix"]
[Result "0-1"]
[WhiteElo "1849"]
[BlackElo "1553"]
[PlyCount "84"]
[EventDate "2017.??.??"]
[EventType "team-tourn"]
[EventRounds "9"]
[SourceDate "2017.10.08"]
[WhiteTeam "Greifswalder SV II"]
[BlackTeam "SAV Torgelow"]

1. c4 Nf6 2. g3 g6 3. b3 Bg7 4. Bg2 O-O 5. Bb2 Na6 6. Nf3 c6 7. O-O Nc7 8. Nc3
d5 9. d4 b6 10. Ne5 Bb7 11. Qd2 Nd7 12. Nf3 Re8 13. cxd5 Nxd5 14. Rfd1 Rc8 15.
a3 e6 16. b4 Qe7 17. Nxd5 cxd5 18. Rac1 b5 19. e3 a6 20. Rxc8 Rxc8 21. Rc1 Qd8
22. Kf1 Nb6 23. Rxc8 Qxc8 24. Bc1 Nc4 25. Qc3 Bf6 26. Ke1 Kg7 27. Nd2 Nxe3 28.
Qxc8 Nxg2+ 29. Kf1 Bxc8 30. Nb3 Nh4 31. gxh4 Bxh4 32. f4 Kf6 33. Ke2 Kf5 34.
Kf3 g5 35. h3 f6 36. Nc5 gxf4 37. Bxf4 e5 38. Be3 e4+ 39. Kg2 Bg5 40. Bf2 Bc1
41. a4 bxa4 42. Nxa4 Bd2 0-1

[Event "VL 2017/18"]
[Site "Mecklenburg-Vorpommern"]
[Date "2018.04.22"]
[Round "9.8"]
[White "Kasel, Alexander"]
[Black "Kriese, Ralf"]
[Result "0-1"]
[WhiteElo "1668"]
[BlackElo "1764"]
[PlyCount "70"]
[EventDate "2017.??.??"]
[EventType "team-tourn"]
[EventRounds "9"]
[SourceDate "2017.10.08"]
[WhiteTeam "SAV Torgelow"]
[BlackTeam "Greifswalder SV II"]

1. c4 e5 2. Nc3 Nf6 3. g3 c5 4. Bg2 Nc6 5. Nf3 d6 6. O-O Be7 7. d3 O-O 8. Rb1
Rb8 9. a3 Nd4 10. b4 Nxf3+ 11. Bxf3 b6 12. bxc5 dxc5 13. Bg2 Bb7 14. e4 Ne8 15.
f4 Qd4+ 16. Rf2 Qxc3 17. Bb2 Qa5 18. Bxe5 Rd8 19. Qg4 Bf6 20. Bxf6 Nxf6 21. Qg5
Rxd3 22. e5 Ne4 23. Bxe4 Bxe4 24. f5 Rfd8 25. Qg4 Rxg3+ 26. hxg3 Bxb1 27. Rf1
Bc2 28. f6 Bg6 29. e6 fxe6 30. Qxe6+ Bf7 31. Qe7 Re8 32. Qd7 Qxa3 33. fxg7
Qxg3+ 34. Kh1 Qh4+ 35. Kg1 Qxc4 0-1